| 000 | 00344nam a2200145Ia 4500 | ||
|---|---|---|---|
| 008 | 230312s9999||||xx |||||||||||||| ||und|| | ||
| 020 | _a93-5129-338-5 | ||
| 082 |
_a615 _bWHA-P |
||
| 100 | _aWhalen;Karen | ||
| 245 | 0 | _aPharmacology | |
| 260 |
_bWolters Kluwer _aIndia _c2015 |
||
| 300 | _a670 | ||
| 650 |
_aMedical _vPharmacology |
||
| 942 | _cBK | ||
| 999 |
_c10252 _d10252 |
||